000 00269nam a2200109Ia 4500
008 200302s9999 xx 000 0 und d
100 _aRobert Goldston & Other
245 _aLondon the Civic Spirit
260 _bThe Macmillan Company
260 _c1969
300 _a211 P.,
999 _c5610
_d5610